Szent-Györgyi Albert levele Halasy-Nagy Józsefhez [2.]

Elmentve itt :
Bibliográfiai részletek
Szerző: Szent-Györgyi Albert
Dokumentumtípus: Kézirat
Megjelent: 1957-07-20
Kulcsszavak:Levelezés - Szent-Györgyi Albert - Halasy-Nagy József
Online Access:http://misc.bibl.u-szeged.hu/57398
LEADER 00638ntm a2200169 i 4500
001 misc57398
005 20210107130450.0
008 210106s1957 hu o 0|| hun d
040 |a SZTE Miscellanea Repozitórium  |b hun 
041 |a hun 
100 2 |a Szent-Györgyi Albert 
245 1 0 |a Szent-Györgyi Albert levele Halasy-Nagy Józsefhez [2.]  |h [elektronikus dokumentum] /  |c  Szent-Györgyi Albert 
260 |c 1957-07-20 
300 |a 1 fol.  |c 28 x 22 cm 
561 |a Halasy-Nagy József levelezés 
695 |a Levelezés - Szent-Györgyi Albert - Halasy-Nagy József 
856 4 0 |u http://misc.bibl.u-szeged.hu/57398/1/ms_2128_05.pdf  |z Dokumentum-elérés